| 000 | 00352 a2200133 4500 | ||
|---|---|---|---|
| 001 | 75694 | ||
| 040 | _cAnchieta - Colégio São Paulo | ||
| 100 | _aMira, Ana Paula | ||
| 240 | 1 | 0 |
_aAs fadas borboletas e o campo de flores _lpor |
| 245 | 1 | 0 | _aAs fadas borboletas e o campo de flores |
| 362 | 0 | _a2017 | |
| 650 | 4 | _aLiteratura infanto-juvenil | |
| 942 | _cBK | ||
| 999 |
_c75694 _d75694 |
||